Normal view MARC view

Entry Topical Term

Number of records used in: 1

001 - CONTROL NUMBER

  • control field: 57701

003 - CONTROL NUMBER IDENTIFIER

  • control field: OSt

005 - DATE AND TIME OF LATEST TRANSACTION

  • control field: 20251106124629.0

008 - FIXED-LENGTH DATA ELEMENTS

  • fixed length control field: 251106|| aca||aabn | a|a d

040 ## - CATALOGING SOURCE

  • Original cataloging agency: OSt
  • Transcribing agency: OSt

150 ## - HEADING--TOPICAL TERM

  • Topical term or geographic name entry element: E-banking service, Cambodia, Service quality, Staff behavior, Value.

670 ## - SOURCE DATA FOUND

  • Source citation: Work cat.: (OSt): Kim, Long Jindabot, Teerasak Yeo, Sook Fern and Wichianrat , Kanyanit 57700, A structural model for customer perceived value in e-banking service

Powered by Koha